000 00590nam a2200193 i 4500
001 15087
003 ES-MaACL
005 20230906151000.0
007 t|
008 991217s1999 sp ||||1| spa d
020 _a84-923869-8-3
080 _a929 Muchnik, Mario
080 _a821.134.2-94"19"
100 1 _aMuchnik, Mario.
_984015
245 1 0 _aLo peor no son los autores
_b: autobiografía editorial: 1966-1997 /
_cMario Muchnik.
260 _aBarcelona :
_bTaller de Mario Muchnik,
_c[1999]
300 _a430 p., [30] p. de lám. ;
_c24 cm.
852 _aES-MaACL
_jL-22410
_bR.127797
999 _c15087
_d15087